000 00326nam a22001457a 4500
008 221111b ||||| |||| 00| 0 eng d
020 _a9780195052756
041 _aeng
080 _a521
082 _a521 AVE
100 _a19.1
101 _aASTRO
245 _aPROCESS PATTERN IN EVOLUTION
_cAVERS J CH
942 _2udc
_cBK
999 _c58871
_d58871